| 000 | 00608nam a2200229 a 4500 | ||
|---|---|---|---|
| 005 | 20210219153448.0 | ||
| 008 | 991125n 000 0 u | ||
| 035 | _aUPN01000101177 | ||
| 100 | _aStokes, Joseph P. | ||
| 222 | _aNASPA JOURNAL | ||
| 245 | _aA study of stopouts at an urban commuter university | ||
| 300 | _a283-289 | ||
| 362 | _a29, No. 4, 1992 | ||
| 505 | _aEnero 1993 | ||
| 653 | 0 | _aCOLEGIOS DE COMPUTACION | |
| 653 | 0 | _aEDUCACION URBANA | |
| 653 | 0 | _aESTUDIANTES EN EL COLEGIO | |
| 653 | 0 | _aGORDOS | |
| 700 | _aZusman, Barbara J. | ||
| 904 |
_aAC _b038988 |
||
| 905 | _aArticulo | ||
| 999 |
_c77508 _d77508 |
||